Вып. 3 (82); Вопросы атомной науки и техники. Серия : Материаловедение и новые материалы

Bibliografiska uppgifter
Parent link:Вопросы атомной науки и техники. Серия : Материаловедение и новые материалы: научно-технический журнал/ АО "Высокотехнологический научно-исследовательский институт неорганических материалов имени академика А. А. Бочвара". Вып. 3 (82).— , 1989-1990, 1992-1993, 2015-
Språk:ryska
Publicerad: 2015
Materialtyp: MixedMaterials Bok
KOHA link:https://koha.lib.tpu.ru/cgi-bin/koha/opac-detail.pl?biblionumber=552979

MARC

LEADER 00000nam2a2200000 4500
001 552979
005 20231101121157.0
035 |a (RuTPU)RU\TPU\prd\246776 
090 |a 552979 
100 |a 20151130a19729999k y0rusy50 ca 
101 0 |a rus 
102 |a RU 
200 0 |a Вып. 3 (82) 
210 |d 2015 
461 1 |0 (RuTPU)RU\TPU\prd\615  |t Вопросы атомной науки и техники. Серия : Материаловедение и новые материалы  |o научно-технический журнал  |f АО "Высокотехнологический научно-исследовательский институт неорганических материалов имени академика А. А. Бочвара"  |v Вып. 3 (82)  |d 1989-1990, 1992-1993, 2015- 
801 0 |a RU  |b 63413507  |c 20010227  |g PSBO 
801 1 |a RU  |b 63413507  |c 20151130 
801 2 |a RU  |b 63413507  |c 20201202  |g RCR 
942 |c BK 
999 |a НТБ_ТПУ  |b НФ  |e -1/20150112  |p П-5906-20  |s 1/20150608  |u 0,00  |v 1